Statistics for J Footballers

Click here to take the quiz!

General Stats

  • This quiz has been taken 12 times
  • The average score is 7 of 20

Answer Stats

Hint Answer % Correct
Became Man Citys record buy in 2008Jo
100%
Ex Wales midfielder now in HollywoodJones
80%
England keeper nicknamed CalamityJames
80%
Everton and England defenderJagielka
60%
Ex Tottenham player now works for BBCJenas
50%
Right back with 54 England capsJohnson
50%
Sunderlands Belgian playerJanuzaj
40%
Arsenal forward scored on his only England game in 2003Jeffers
40%
Current Dutch Tottenham forwardJanssen
30%
Won World Cup in 1970 with BrazilJairzinho
30%
Current Championship manager spent 2 years playing for ChelseaJokanovic
20%
Famously played for Celtic and RangersJohnston
20%
Tunisian with most apps in PLJaidi
20%
Famously scored in Denmarks surprise Euro win in 1992Jensen
10%
Norwichs dreadlocked strikerJerome
10%
Fulhams record scorerJezzard
0%
Ex Dutch international played for Sheff Wed 70 timesJonk
0%
Right back in Brazils World Cup win in 1994Jorginho
0%
Made 527 appearances for BoltonJaaskelainen
0%

Score Distribution

Percentile by Number Answered

Percent of People with Each Score

Your Score History

You have not taken this quiz